000 00522nam a2200193Ia 4500
003 OSt
005 20240527102337.0
008 210210b1987 xxu||||| |||| 00| 0 eng d
040 _cAL
041 _aKannada
082 _aK894.3 SAYB
100 _aSAYISUTE.
_989420
_dಸಾಯಿಸುತೆ
245 _aBandalada nakshatra.
_bಬಾಂದಳದ ನಕ್ಷತ್ರ
260 _aBengaluru
_bVasavamba Prakashana
_c1987
300 _a174
690 _aKannada Fiction
_989421
906 _a041583
942 _2ddc
_cBK
999 _c91147
_d91147